Guess that NBA Player - Statistics

General Stats
  • This quiz has been taken 28 times
  • The average score is 8 of 8
Answer Stats
Picture Answer % Correct
Kobe Bryant
100%
LeBron James
100%
Michael Jordan
100%
Stephen Curry
100%
Allen Iverson
96%
Kareem Abdul-Jabbar
96%
Bill Russell
92%
Julius Erving
92%
No matching quizzes found
Score Distribution
Percent of People with Each Score
Percentile by Number Answered
Your Score History
You have not taken this quiz